LEADER 01697nam0 22004453i 450 001 VAN0261614 005 20230719094721.401 017 70$2N$a9783662084021 100 $a20230719d1980 |0itac50 ba 101 $aeng 102 $aDE 105 $a|||| ||||| 200 1 $aLogic and structure$fDirk van Dalen 210 $aBerlin$cSpringer$d1980 215 $aix, 174 p.$d24 cm 410 1$1001VAN0024506$12001 $aUniversitext$1210 $aBerlin [etc]$cSpringer$d1930- 610 $aBasic model theory$9KW:K 610 $aComputability theory$9KW:K 610 $aFirst-order logic with natural deduction$9KW:K 610 $aGoedel's theorem$9KW:K 610 $aIntuitionistic logic and semantics$9KW:K 610 $aModel theory$9KW:K 610 $aNormalisation of first-order logic$9KW:K 610 $aPredicate logic$9KW:K 610 $aProof Theory$9KW:K 610 $aProofs$9KW:K 610 $aRecursive functions$9KW:K 610 $aSecond order logic$9KW:K 610 $aSet Theory$9KW:K 620 $dBerlin$3VANL000066 700 1$aDalen$bDirk van$3VANV039208$0535955 712 $aSpringer $3VANV108073$4650 801 $aIT$bSOL$c20240614$gRICA 856 4 $uhttps://doi.org/10.1007/978-3-662-08402-1$zE-book ? Accesso al full-text attraverso riconoscimento IP di Ateneo, proxy e/o Shibboleth 899 $aBIBLIOTECA DEL DIPARTIMENTO DI MATEMATICA E FISICA$1IT-CE0120$2VAN08 912 $fN 912 $aVAN0261614 950 $aBIBLIOTECA DEL DIPARTIMENTO DI MATEMATICA E FISICA$d08CONS e-book 6297 $e08eMF6297 20230727 996 $aLogic and structure$9925498 997 $aUNICAMPANIA LEADER 00890nam0 22002413i 450 001 VAN00247945 005 20240806101411.737 100 $a20220707d2011 |0itac50 ba 101 $aita$aITA 102 $aIT 105 $a|||| ||||| 200 1 $aˆIl ‰nuovo La scrittura e l'interpretazione$egli autori italiani, il canone europeo, la scrittura delle donne, gli intrecci interculturali e tematici$esecondo i nuovi programmi$fRomano Luperini ... [et al.] 205 $aEd. rossa$bed. mista 210 $aPalermo$cG. B. Palumbo 215 $av.$d27 cm 620 $dPalermo$3VANL000013 700 1$aLuperini$bRomano$3VANV033040$0124088 712 02$aPalumbo$ceditore$3VANV109195 791 02$aG. B. Palumbo$zPalumbo $3VANV109196 801 $aIT$bSOL$c20250725$gRICA 912 $aVAN00247945 996 $aNuovo La scrittura e l'interpretazione$92886325 997 $aUNICAMPANIA